|
|
|
|
| LEADER |
00000nab a2200000 a 4500 |
| 001 |
vtls000525251 |
| 003 |
SK-MaSNL |
| 005 |
20260303193215.0 |
| 008 |
120928c1994 xo 0 slo |
| 015 |
|
|
|a SNBRB19rr/mm-uuuuu
|
| 035 |
|
|
|a CL0525389
|
| 040 |
|
|
|a SNKBUCL
|b slo
|c SNKBUCL
|e AACR2
|
| 041 |
0 |
|
|a slo
|
| 044 |
|
|
|a xo
|c SK
|
| 080 |
|
|
|a 904"09":718"09":902
|2 1981
|
| 080 |
|
|
|a 718"09"
|2 1981
|
| 080 |
|
|
|a 902
|2 1981
|
| 100 |
1 |
|
|a Drastich, Miloš,
|d 1951-2017
|4 aut
|9 234069
|
| 245 |
1 |
0 |
|a Nečakané podoby našej minulosti
|c Miloš Drastich
|
| 300 |
|
|
|b Fotogr., sch.
|
| 650 |
0 |
7 |
|a Slovania
|2 snkbucl
|9 18587
|
| 650 |
0 |
7 |
|a slovanské pohrebiská
|2 snkbucl
|9 449756
|
| 650 |
0 |
7 |
|a kostrové hroby
|2 snkbucl
|9 90143
|
| 650 |
0 |
7 |
|a kostrové pohrebiská
|2 snkbucl
|9 833224
|
| 650 |
0 |
7 |
|a výklenkové hroby
|2 snkbucl
|9 836987
|
| 651 |
|
7 |
|a Borovce (Slovensko)
|2 snkbucl
|9 82554
|
| 700 |
1 |
|
|a Staššíková-Štukovská, Danica
|c (archeologička)
|4 aut
|9 7256
|
| 773 |
0 |
|
|t Technické noviny
|g Roč. 42, č. 13 (1994), s. 15
|
| 850 |
|
|
|a Slovenská národná knižnica v Martine
|a MTA001
|
| 852 |
|
|
|a SNK
|b KIS3GCP
|
| 999 |
|
|
|c 2151071
|d 2153001
|